[Event "1. OEsterreichische Internet Schach Meisterschaft - Vorrunde 3"]
[Site "Online - Playchess.com"]
[Date ""]
[Round "5"]
[Board "54"]
[White "Kozissnik, Christian"]
[Black "Prinz, Hubert"]
[Result "1-0"]
[WhiteElo "2023"]
[BlackElo "1956"]
[PlyCount "121"]
[EventDate "2020.04.17"]
[EventRounds "9"]
[EventCountry "AUT"]

1. Nf3 d5 2. e3 e6 3. g3 Nf6 4. Bg2 b6 5. O-O Bb7 6. d4 c5 7. c3 Nbd7 8. b3 Be7 9.
Bb2 O-O 10. Nbd2 cxd4 11. exd4 Rc8 12. Re1 Ne4 13. Rc1 Ndf6 14. Ne5 Nxd2 15. Qxd2
Nd7 16. c4 Nxe5 17. dxe5 a5 18. cxd5 Bb4 19. Bc3 Bxc3 20. Rxc3 Rxc3 21. Qxc3 Bxd5
22. Rd1 Qd7 23. Bxd5 exd5 24. Qd4 Rd8 25. Qxb6 a4 26. Qd4 axb3 27. axb3 h6 28. b4
Qc6 29. Qh4 Rb8 30. Qe7 Rb5 31. Qd8+ Kh7 32. Qd6 Qc4 33. Qd7 Rxb4 34. Qxf7 Qe4 35.
Qxd5 Qe2 36. Qd3+ Qxd3 37. Rxd3 Re4 38. Rd5 Kg6 39. Kg2 Kf5 40. Kf3 Rxe5 41. Rxe5+
Kxe5 42. Kg4 g6 43. h4 Kf6 44. Kf4 Ke6 45. g4 Kf6 46. Ke4 Ke6 47. f4 Kf6 48. Kd5
h5 49. gxh5 gxh5 50. Ke4 Ke6 51. f5+ Kf6 52. Kf4 Kf7 53. Kg5 Kg7 54. Kxh5 Kf6 55.
Kg4 Kg7 56. Kg5 Kf7 57. f6 Kg8 58. Kg6 Kf8 59. f7 Ke7 60. Kg7 Ke6 61. f8=Q  1-0

[Event "1. OEsterreichische Internet Schach Meisterschaft - Vorrunde 3"]
[Site "Online - Playchess.com"]
[Date ""]
[Round "5"]
[Board "55"]
[White "Katter, Marlene"]
[Black "Nisavic, Uros"]
[Result "0-1"]
[WhiteElo "1609"]
[BlackElo "2073"]
[PlyCount "48"]
[EventDate "2020.04.17"]
[EventRounds "9"]
[EventCountry "AUT"]

1. d4 d5 2. Bf4 Nf6 3. e3 e6 4. Nf3 Bd6 5. Bg3 O-O 6. c4 b6 7. Nc3 Bb7 8. Ne5 c5
9. cxd5 Nxd5 10. Nxd5 Bxd5 11. Qg4 cxd4 12. exd4 Bb4+ 13. Kd1 Nc6 14. Nxc6 Bxc6 15.
f3 Qd5 16. Bd3 Ba4+ 17. Ke2 Bb5 18. Bxb5 Qxb5+ 19. Kf2 Rac8 20. Rhc1 Qd3 21. Kg1
Qe3+ 22. Kf1 Rxc1+ 23. Rxc1 Qxc1+ 24. Kf2 Qe1#  0-1

[Event "1. OEsterreichische Internet Schach Meisterschaft - Vorrunde 3"]
[Site "Online - Playchess.com"]
[Date ""]
[Round "5"]
[Board "56"]
[White "Leitgeber, Christian"]
[Black "Kepplinger, Lukas"]
[Result "0-1"]
[WhiteElo "1904"]
[BlackElo "2014"]
[PlyCount "26"]
[EventDate "2020.04.17"]
[EventRounds "9"]
[EventCountry "AUT"]

1. e4 c5 2. Nf3 e6 3. d4 cxd4 4. Nxd4 Nf6 5. f3 Nc6 6. Be3 d5 7. exd5 Nxd5 8. Bf2
Bc5 9. Nxc6 Bxf2+ 10. Kxf2 bxc6 11. g3 Qb6+ 12. Kg2 Qxb2 13. Nd2 Ne3+  0-1

[Event "1. OEsterreichische Internet Schach Meisterschaft - Vorrunde 3"]
[Site "Online - Playchess.com"]
[Date ""]
[Round "5"]
[Board "57"]
[White "Simon, Christopher"]
[Black "Rosol, Alexander"]
[Result "1-0"]
[WhiteElo "1824"]
[BlackElo "1933"]
[PlyCount "145"]
[EventDate "2020.04.17"]
[EventRounds "9"]
[EventCountry "AUT"]

1. d4 Nf6 2. Bf4 g6 3. e3 Bg7 4. Nf3 d6 5. Nbd2 O-O 6. c3 Nbd7 7. Be2 c6 8. h3 Re8
9. O-O e5 10. dxe5 dxe5 11. Bh2 Qe7 12. e4 b5 13. b4 Rd8 14. Qc2 Ne8 15. Nb3 Nd6
16. Na5 Nb8 17. Rad1 f6 18. Rd2 Nb7 19. Nxb7 Bxb7 20. Rfd1 Na6 21. a4 Nc7 22. Qb3+
Kf8 23. c4 a6 24. Ne1 Bh6 25. Rd3 Ne6 26. Nc2 c5 27. cxb5 axb5 28. Rxd8+ Rxd8 29.
Rxd8+ Nxd8 30. Bxb5 Bxe4 31. f3 Bxc2 32. Qxc2 cxb4 33. Kf1 Qd6 34. Bg1 Ne6 35. Qc8+
Kf7 36. Qc2 Bf4 37. Ba7 Qc7 38. Qxc7+ Nxc7 39. Bc4+ Ke8 40. Bc5 Bd2 41. Ke2 Bc3 42.
Kd3 Kd8 43. Bb6 Kd7 44. Bg8 h6 45. Kc4 Ne6 46. Bxe6+ Kxe6 47. Bc5 Kd7 48. Bxb4 Bd4
49. Bc5 Ba1 50. Kb5 Kc7 51. a5 Kb7 52. a6+ Ka8 53. Kc6 Bd4 54. Kd5 Bc3 55. Ke6 Bd4
56. Bb4 f5 57. Kf6 e4+ 58. Kxg6 e3 59. Kxf5 Ka7 60. Ke4 Bb6 61. Kd3 Kxa6 62. Bf8
h5 63. Bh6 Kb7 64. Bxe3 Ba5 65. Ke4 Kc7 66. Kf5 Be1 67. Kg5 h4 68. Kg4 Kd7 69. Bg5
Ke6 70. Bxh4 Bd2 71. Bf2 Kf6 72. h4 Kg6 73. Bd4  1-0

[Event "1. OEsterreichische Internet Schach Meisterschaft - Vorrunde 3"]
[Site "Online - Playchess.com"]
[Date ""]
[Round "5"]
[Board "58"]
[White "Tauber, Andreas"]
[Black "Schroettner, Tobias Julian"]
[Result "0-1"]
[WhiteElo "1972"]
[BlackElo "1503"]
[PlyCount "176"]
[EventDate "2020.04.17"]
[EventRounds "9"]
[EventCountry "AUT"]

1. c4 Nf6 2. Nc3 g6 3. e4 d6 4. d4 Bg7 5. Be2 Nc6 6. Be3 e5 7. d5 Ne7 8. f4 exf4
9. Bxf4 Nd7 10. Nf3 b6 11. Qd2 Bb7 12. Bh6 Bf6 13. O-O Ng8 14. Be3 Bg7 15. Rac1 Ne7
16. Bh6 O-O 17. Bxg7 Kxg7 18. b4 Re8 19. Nd4 Ne5 20. Qf4 Ng8 21. Nf3 Nxf3+ 22. Rxf3
Qf6 23. Qe3 Qe7 24. Rcf1 f6 25. Bd1 Rf8 26. Ne2 Nh6 27. Rh3 Ng4 28. Qf3 Ne5 29. Qc3
Rae8 30. Nf4 Bc8 31. Re3 Ng4 32. Ree1 Qe5 33. Qxe5 Nxe5 34. Be2 Ba6 35. Rc1 Nd7 36.
Ne6+ Kf7 37. Nxf8 Nxf8 38. Bd3 Nd7 39. Bb1 Ne5 40. b5 Bc8 41. Rf2 Kg7 42. g3 Rf8
43. Kg2 a6 44. a4 a5 45. Ba2 Nd3 46. Rcf1 Nxf2 47. Rxf2 f5 48. Bb1 fxe4 49. Bxe4
Rxf2+ 50. Kxf2 Kf6 51. Ke3 Bg4 52. Bb1 Bd1 53. Ba2 Bxa4 54. Kd2 Ke5 55. Bb1 Bb3 56.
Kc3 Bd1 57. Bd3 Bf3 58. Bf1 h6 59. Bh3 g5 60. Be6 Be2 61. Bh3 g4 62. Bg2 h5 63. Kb3
a4+ 64. Kxa4 Bxc4 65. Kb4 Bxd5 66. Bf1 Bf3 67. Bd3 Be4 68. Be2 d5 69. Kc3 d4+ 70.
Kd2 d3 71. Bf1 Kd5 72. Ke3 Bg6 73. Kf4 Kc5 74. Kg5 d2 75. Be2 Be8 76. Kf4 d1=Q 77.
Bxd1 Kxb5 78. Kg5 c5 79. Kf6 Kb4 80. Bc2 Kc3 81. Be4 b5 82. Ke7 Kd4 83. Bb7 Bg6 84.
Bc8 c4 85. Kf6 Be8 86. Bf5 b4 87. Kg5 c3 88. Bc2 Kc4  0-1

[Event "1. OEsterreichische Internet Schach Meisterschaft - Vorrunde 3"]
[Site "Online - Playchess.com"]
[Date ""]
[Round "5"]
[Board "59"]
[White "Gartmayer, Stefan"]
[Black "Steirer, Gerhard"]
[Result "1-0"]
[WhiteElo "1914"]
[BlackElo "1854"]
[PlyCount "59"]
[EventDate "2020.04.17"]
[EventRounds "9"]
[EventCountry "AUT"]

1. d4 f5 2. Nf3 Nf6 3. c4 e6 4. Nc3 d5 5. Bf4 c6 6. e3 Bd6 7. Bd3 O-O 8. O-O Ne4
9. Ne2 g5 10. Bxd6 Qxd6 11. c5 Qe7 12. Ne5 Nd7 13. Nxd7 Bxd7 14. f3 Nf6 15. b4 Kh8
16. Qc2 Rg8 17. Rfe1 Rg6 18. g4 Rh6 19. gxf5 Qe8 20. fxe6 Qh5 21. Ng3 Qxf3 22. exd7
Ng4 23. Qg2 Nxh2 24. Nf5 Rh3 25. Qxf3 Nxf3+ 26. Kg2 Nxe1+ 27. Kxh3 Nxd3 28. Nd6 Nf2+
29. Kg2 Ne4 30. d8=Q+  1-0

[Event "1. OEsterreichische Internet Schach Meisterschaft - Vorrunde 3"]
[Site "Online - Playchess.com"]
[Date ""]
[Round "5"]
[Board "60"]
[White "Wimmer, Norbert"]
[Black "Kucharski, Michael"]
[Result "1/2-1/2"]
[WhiteElo "1973"]
[BlackElo "1948"]
[PlyCount "114"]
[EventDate "2020.04.17"]
[EventRounds "9"]
[EventCountry "AUT"]

1. d4 d5 2. Nf3 Nf6 3. g3 c6 4. Bg2 Bf5 5. O-O e6 6. b3 h6 7. Bb2 Ne4 8. Nbd2 Nd7
9. Nh4 Nxd2 10. Qxd2 Bh7 11. Bf3 Nf6 12. Rfe1 Be7 13. Ng2 O-O 14. c4 Be4 15. Bxe4
Nxe4 16. Qd3 Rc8 17. f3 Nf6 18. e4 Bb4 19. Red1 Be7 20. e5 Nd7 21. c5 b6 22. cxb6
axb6 23. Rac1 c5 24. f4 cxd4 25. Bxd4 Bc5 26. Kh1 Qe7 27. Bxc5 bxc5 28. Ne3 Ra8 29.
Rc2 Rfb8 30. Rdc1 g6 31. Nf1 Rb4 32. Nd2 h5 33. Nf3 Rb7 34. Ng5 Rba7 35. Qd2 Rc7
36. Kg2 Rac8 37. h3 Kg7 38. g4 hxg4 39. hxg4 Rh8 40. Rh1 Rxh1 41. Kxh1 Rc8 42. Kg2
Ra8 43. Rc1 Rh8 44. Rh1 Rxh1 45. Kxh1 f6 46. Nf3 fxe5 47. fxe5 Qf7 48. Kg2 Qe7 49.
Qf4 Nb6 50. Ng5 d4 51. Ne4 Nd5 52. Qg5 Qf7 53. Nf6 Nb4 54. Nh5+ Kh7 55. Nf6+ Kg7
56. Nh5+ Kh7 57. Nf6+ Kg7  1/2-1/2

[Event "1. OEsterreichische Internet Schach Meisterschaft - Vorrunde 3"]
[Site "Online - Playchess.com"]
[Date ""]
[Round "5"]
[Board "61"]
[White "Hofer, Maximilian"]
[Black "Tischler, Michel"]
[Result "1-0"]
[WhiteElo "2108"]
[BlackElo "1517"]
[PlyCount "49"]
[EventDate "2020.04.17"]
[EventRounds "9"]
[EventCountry "AUT"]

1. e4 e5 2. Nf3 Nc6 3. Bc4 Bc5 4. b4 Bxb4 5. c3 Ba5 6. d4 exd4 7. O-O d6 8. Qb3 Qe7
9. e5 dxe5 10. Ba3 Qd7 11. Re1 Nge7 12. Bxf7+ Kd8 13. Nxe5 Nxe5 14. Rxe5 Nc6 15.
Rd5 Bb6 16. Rxd7+ Bxd7 17. Nd2 dxc3 18. Nc4 Na5 19. Qxc3 Nxc4 20. Qxc4 c6 21. Re1
Kc7 22. Qf4+ Kc8 23. Bd6 Rf8 24. Bxf8 Bc7 25. Bd6  1-0

[Event "1. OEsterreichische Internet Schach Meisterschaft - Vorrunde 3"]
[Site "Online - Playchess.com"]
[Date ""]
[Round "5"]
[Board "62"]
[White "Schwarz, Benedikt"]
[Black "Hofstadler, Mario"]
[Result "1/2-1/2"]
[WhiteElo "1815"]
[BlackElo "1867"]
[PlyCount "129"]
[EventDate "2020.04.17"]
[EventRounds "9"]
[EventCountry "AUT"]

1. d4 Nf6 2. Bf4 c5 3. e3 g6 4. c4 Bg7 5. Nc3 O-O 6. Nf3 cxd4 7. exd4 b6 8. Bd3 Bb7
9. O-O d6 10. Qc2 Nbd7 11. d5 Nc5 12. Rad1 Rc8 13. Rfe1 Ba6 14. b3 Re8 15. Ne4 Ncxe4
16. Bxe4 b5 17. Bd3 bxc4 18. bxc4 Qc7 19. Nd2 Nh5 20. Be3 Nf6 21. Rb1 Nxd5 22. Qb3
Nxe3 23. Rxe3 Rb8 24. Qc2 Rec8 25. Rxb8 Rxb8 26. Re1 Rc8 27. Rb1 Bh6 28. Re1 Bxd2
29. Qxd2 Bxc4 30. Bxc4 Qxc4 31. Rxe7 Qc1+ 32. Qe1 Qxe1+ 33. Rxe1 Rc2 34. Ra1 Kg7
35. g3 Kf6 36. Kg2 Ke5 37. Kf3 Kd4 38. a4 d5 39. Rd1+ Kc4 40. Ra1 d4 41. Rb1 Kc3
42. Rb7 d3 43. Rxf7 Re2 44. Rxa7 Re5 45. Rc7+ Kd2 46. a5 Rxa5 47. Rxh7 Rf5+ 48. Kg2
Re5 49. f4 Re6 50. Kf3 Ke1 51. Rd7 d2 52. g4 d1=Q+ 53. Rxd1+ Kxd1 54. f5 gxf5 55.
gxf5 Rh6 56. Kf4 Kd2 57. Kg5 Rxh2 58. f6 Rg2+ 59. Kh6 Ke3 60. f7 Rh2+ 61. Kg5 Rg2+
62. Kf6 Rf2+ 63. Ke7 Ke2 64. f8=Q Rxf8 65. Kxf8  1/2-1/2

[Event "1. OEsterreichische Internet Schach Meisterschaft - Vorrunde 3"]
[Site "Online - Playchess.com"]
[Date ""]
[Round "5"]
[Board "63"]
[White "Moerwald, Magdalena"]
[Black "Buchegger, Fridolin"]
[Result "0-1"]
[WhiteElo "1791"]
[BlackElo "1827"]
[PlyCount "190"]
[EventDate "2020.04.17"]
[EventRounds "9"]
[EventCountry "AUT"]

1. e4 e5 2. Nf3 Nc6 3. Bc4 Bc5 4. c3 Nf6 5. d3 O-O 6. Bb3 h6 7. h3 d5 8. Qe2 dxe4
9. dxe4 Qe7 10. Nbd2 Rd8 11. Nf1 Be6 12. Bxe6 Qxe6 13. Be3 Bxe3 14. Nxe3 Nxe4 15.
O-O Nf6 16. Rad1 Qxa2 17. Nf5 e4 18. N3d4 Nxd4 19. Nxd4 c5 20. Nb5 a6 21. Nd6 Qb3
22. Nxe4 Nxe4 23. Rxd8+ Rxd8 24. Qxe4 Qxb2 25. Qe7 Qb6 26. Re1 a5 27. Qe4 Qc7 28.
Qh4 Qd6 29. Qa4 b6 30. Rb1 Rb8 31. c4 Qd3 32. Qb5 Qa3 33. Re1 Qc3 34. Re8+ Rxe8 35.
Qxe8+ Kh7 36. Qxf7 Qe1+ 37. Kh2 Qe5+ 38. g3 a4 39. Qd7 a3 40. Qd3+ Kg8 41. Qxa3 Qd4
42. Qa8+ Kh7 43. Qf3 Qxc4 44. Qf5+ Kg8 45. Qc8+ Kh7 46. Qf5+ Kh8 47. Qc8+ Qg8 48.
Qc6 Qf8 49. Kg2 Qb8 50. Qb5 Qd8 51. Qc6 Kh7 52. Qe4+ Kg8 53. Qc4+ Kf8 54. Qf4+ Qf6
55. Qb8+ Kf7 56. Qc7+ Kg6 57. Qb7 c4 58. Qe4+ Qf5 59. Qxc4 b5 60. Qc6+ Kh7 61. Qc3
Qd5+ 62. Kg1 Qc4 63. Qe5 b4 64. Qf5+ Kh8 65. Qf8+ Kh7 66. Qf5+ Kg8 67. Qe5 b3 68.
Qb8+ Kh7 69. Kg2 Qe4+ 70. Kg1 Qb1+ 71. Kg2 Qe4+ 72. Kg1 Qe1+ 73. Kg2 Qc3 74. Qb7
Qc4 75. h4 Kg6 76. Qb6+ Kh7 77. h5 Qd5+ 78. Kg1 Qd1+ 79. Kg2 Qc2 80. Kh3 b2 81. f4
b1=Q 82. Qe6 Qf5+ 83. Qxf5+ Qxf5+ 84. Kh4 g6 85. hxg6+ Kxg6 86. g4 Qxf4 87. Kh3 Kg5
88. Kg2 Kxg4 89. Kh1 h5 90. Kg2 h4 91. Kh1 h3 92. Kg1 Qe3+ 93. Kh1 Qe1+ 94. Kh2 Qf2+
95. Kh1 Qg2#  0-1

[Event "1. OEsterreichische Internet Schach Meisterschaft - Vorrunde 3"]
[Site "Online - Playchess.com"]
[Date ""]
[Round "5"]
[Board "64"]
[White "Hessenberger, Andreas"]
[Black "Kravanja, Georg"]
[Result "0-1"]
[WhiteElo "2019"]
[BlackElo "2199"]
[PlyCount "122"]
[EventDate "2020.04.17"]
[EventRounds "9"]
[EventCountry "AUT"]

1. e4 g6 2. d4 Bg7 3. c3 d6 4. f3 a6 5. Bd3 b5 6. Ne2 Bb7 7. Be3 Nd7 8. O-O c5 9.
Nd2 Ngf6 10. Rc1 O-O 11. g3 Rc8 12. Qe1 Qa5 13. a3 cxd4 14. Nxd4 Ne5 15. Bb1 Nc4
16. Nxc4 Rxc4 17. Ba2 Rcc8 18. Nb3 Qc7 19. Qf2 d5 20. Bb6 Qb8 21. Ba7 Qd6 22. Bc5
Qe6 23. exd5 Nxd5 24. Nd4 Qd7 25. Ne2 Qc7 26. Bd4 e5 27. Bxd5 Bxd5 28. Be3 Qb7 29.
Rcd1 Bb3 30. Rd2 Rfd8 31. Nc1 Rxd2 32. Qxd2 Bd5 33. Qf2 f5 34. Rd1 Bxf3 35. Rd6 Be4
36. Nb3 Qe7 37. Rxa6 g5 38. Nd2 Bd3 39. Ra7 Qf6 40. Nf3 f4 41. gxf4 gxf4 42. Bd2
Qg6+ 43. Qg2 e4 44. Qxg6 hxg6 45. Ng5 e3 46. Be1 Bf6 47. Nf3 Be4 48. Kg2 g5 49. h3
Rd8 50. Ra6 Kf7 51. Ra7+ Kg6 52. c4 bxc4 53. Rc7 Rd1 54. Rxc4 Bxf3+ 55. Kxf3 Rxe1
56. b4 Rf1+ 57. Ke2 Rf2+ 58. Kd3 Rd2+ 59. Ke4 e2 60. Rc1 Rd1 61. Kf3 e1=Q  0-1

[Event "1. OEsterreichische Internet Schach Meisterschaft - Vorrunde 3"]
[Site "Online - Playchess.com"]
[Date ""]
[Round "5"]
[Board "65"]
[White "Hiermann, Dietmar"]
[Black "Werdecker, Roland"]
[Result "0-1"]
[WhiteElo "2250"]
[BlackElo "1960"]
[PlyCount "64"]
[EventDate "2020.04.17"]
[EventRounds "9"]
[EventCountry "AUT"]

1. e4 d5 2. exd5 Nf6 3. d4 Qxd5 4. c4 Qa5+ 5. Nc3 Ne4 6. Nge2 e5 7. Be3 Bd6 8. a3
exd4 9. Qxd4 Nxc3 10. Nxc3 Nc6 11. Qxg7 Be5 12. Qxh8+ Bxh8 13. Rc1 Bf5 14. Be2 O-O-O
15. O-O Nd4 16. Bh5 Be6 17. Nd5 Bxd5 18. cxd5 Qxd5 19. Bxd4 Bxd4 20. Bf3 Qb3 21.
Rb1 Bxb2 22. Be4 h6 23. h3 Qxa3 24. Bf3 c5 25. Rfe1 c4 26. Re2 c3 27. Be4 b5 28.
Rc2 b4 29. Kh2 Rd2 30. Rbxb2 Qxb2 31. Rxb2 Rxb2 32. Kg3 b3  0-1

[Event "1. OEsterreichische Internet Schach Meisterschaft - Vorrunde 3"]
[Site "Online - Playchess.com"]
[Date ""]
[Round "5"]
[Board "66"]
[White "Kessler, Manuel"]
[Black "Nolz, Tom"]
[Result "1-0"]
[WhiteElo "1731"]
[BlackElo "2157"]
[PlyCount "77"]
[EventDate "2020.04.17"]
[EventRounds "9"]
[EventCountry "AUT"]

1. d4 b6 2. c4 Bb7 3. Nc3 f5 4. Nf3 Nf6 5. Bg5 Ne4 6. Nxe4 fxe4 7. Nd2 h6 8. Bh4
g5 9. Bg3 e3 10. fxe3 Bg7 11. Nf3 O-O 12. Qc2 Nc6 13. a3 a5 14. h4 g4 15. Ne5 Nxe5
16. Bxe5 d6 17. Bxg7 Kxg7 18. O-O-O h5 19. e4 Rf2 20. d5 Qf8 21. Qc3+ Kh7 22. e3
Qf7 23. e5 Rf8 24. Bd3+ Kh6 25. Rhf1 Qg7 26. exd6 Qxc3+ 27. bxc3 exd6 28. Rxf2 Rxf2
29. Rd2 Rf7 30. Kd1 Kg7 31. Ke1 Re7 32. Re2 Kf6 33. e4 Ke5 34. Rf2 Bc8 35. Ke2 Rg7
36. Ke3 g3 37. Rf8 Bh3 38. gxh3 g2 39. Rf5#  1-0

[Event "1. OEsterreichische Internet Schach Meisterschaft - Vorrunde 3"]
[Site "Online - Playchess.com"]
[Date ""]
[Round "5"]
[Board "67"]
[White "Hatzl, Johannes"]
[Black "Grafenberger, Dieter"]
[Result "1-0"]
[WhiteElo "2131"]
[BlackElo "1953"]
[PlyCount "81"]
[EventDate "2020.04.17"]
[EventRounds "9"]
[EventCountry "AUT"]

1. d4 d6 2. e4 g6 3. Nc3 Bg7 4. Be3 b6 5. Qd2 Bb7 6. O-O-O h6 7. h4 Nd7 8. f3 e6
9. Kb1 Ne7 10. g4 a6 11. Bg2 b5 12. Nce2 Nb6 13. Qd3 Nc4 14. Bf2 a5 15. Nc1 Ba6 16.
f4 b4 17. Qf3 Bb7 18. Nge2 O-O 19. Qg3 Qd7 20. h5 Qa4 21. Qb3 Qb5 22. Bf1 a4 23.
Qd3 d5 24. e5 Ba6 25. Qh3 Na3+ 26. Ka1 Nxc2+ 27. Kb1 Na3+ 28. Ka1 Nc4 29. hxg6 fxg6
30. Bh4 Nc6 31. Bf6 Bxf6 32. exf6 h5 33. gxh5 Na3 34. Qxe6+ Rf7 35. Nc3 bxc3 36.
Bxb5 Bxb5 37. hxg6 Nd8 38. gxf7+ Nxf7 39. Rdg1+ Kf8 40. Rh8+ Nxh8 41. Rg8#  1-0

[Event "1. OEsterreichische Internet Schach Meisterschaft - Vorrunde 3"]
[Site "Online - Playchess.com"]
[Date ""]
[Round "5"]
[Board "68"]
[White "Lichtl, Erich"]
[Black "Enne, Harald"]
[Result "1-0"]
[WhiteElo "2096"]
[BlackElo "1916"]
[PlyCount "101"]
[EventDate "2020.04.17"]
[EventRounds "9"]
[EventCountry "AUT"]

1. d4 d5 2. Nc3 Nf6 3. Bf4 Bf5 4. e3 e6 5. f3 a6 6. g4 Bg6 7. h4 h6 8. Bd3 Bxd3 9.
Qxd3 c5 10. Nge2 Nc6 11. Kf2 c4 12. Qd2 b5 13. Ng3 Bd6 14. e4 dxe4 15. Ngxe4 Bxf4
16. Qxf4 Qxd4+ 17. Kg2 Nxe4 18. Nxe4 e5 19. Qf5 Ne7 20. Nf6+ gxf6 21. Qxf6 Qd2+ 22.
Kh3 Rg8 23. Rad1 Qf4 24. Qxf4 exf4 25. Rd4 Rd8 26. Rxf4 Rd2 27. Rh2 Rxh2+ 28. Kxh2
Nd5 29. Rd4 Nb4 30. a3 Nxc2 31. Rd2 Na1 32. Kg3 Nb3 33. Rd6 Ke7 34. Rxh6 Rg6 35.
Rh8 Ke6 36. h5 Rf6 37. h6 Rg6 38. f4 Nd4 39. h7 Nf5+ 40. Kf2 Rxg4 41. Re8+ Kf6 42.
h8=Q+ Rg7 43. Rg8 Kg6 44. Rxg7+ Nxg7 45. Qc8 Ne6 46. Qxa6 Kf5 47. Qxb5+ Kxf4 48.
Qxc4+ Ke5 49. a4 f5 50. a5 Nd4 51. Qc3  1-0

[Event "1. OEsterreichische Internet Schach Meisterschaft - Vorrunde 3"]
[Site "Online - Playchess.com"]
[Date ""]
[Round "5"]
[Board "69"]
[White "Stolzlechner, Thomas"]
[Black "Mayrhuber, Nikola"]
[Result "1/2-1/2"]
[WhiteElo "2037"]
[BlackElo "2025"]
[PlyCount "134"]
[EventDate "2020.04.17"]
[EventRounds "9"]
[EventCountry "AUT"]

1. e4 e6 2. d4 d5 3. Nd2 c5 4. exd5 exd5 5. Ngf3 Nc6 6. Bb5 Qe7+ 7. Qe2 Qxe2+ 8.
Kxe2 a6 9. Bxc6+ bxc6 10. Re1 f6 11. Kf1+ Kf7 12. dxc5 Bxc5 13. Nb3 Bd6 14. Kg1 Ne7
15. c3 Bg4 16. Nfd4 c5 17. Ne2 a5 18. h3 Bd7 19. Bf4 Bxf4 20. Nxf4 Rhc8 21. Rad1
a4 22. Nc1 Bc6 23. Ncd3 Bb7 24. f3 g5 25. Ne2 Nf5 26. Kf2 h5 27. Ng3 Ng7 28. Re2
h4 29. Nf1 Ne6 30. Rde1 Ra6 31. Ne3 Rc7 32. Nf5 Kg6 33. Rxe6 Rxe6 34. Rxe6 Kxf5 35.
Rb6 d4 36. Rb5 Ba6 37. Rxc5+ Rxc5 38. Nxc5 dxc3 39. bxc3 a3 40. Nb3 Bc4 41. Nc1 Ke5
42. Ke3 f5 43. Nd3+ Kd5 44. Nb4+ Ke5 45. Nc6+ Kd5 46. Nb4+ Ke5 47. Nc2 Bxa2 48. Nxa3
Bb3 49. Nb1 Bc4 50. Nd2 Bd5 51. c4 Bc6 52. Kd3 Bb7 53. Nb3 Ba6 54. Nd4 g4 55. fxg4
fxg4 56. hxg4 Kf4 57. Kc3 Kxg4 58. c5 Kg3 59. c6 Kxg2 60. Ne6 h3 61. Nf4+ Kg3 62.
Nxh3 Kxh3 63. Kb4 Bc8 64. Kc5 Bg4 65. Kb6 Bf5 66. c7 Bg4 67. c8=Q Bxc8  1/2-1/2

[Event "1. OEsterreichische Internet Schach Meisterschaft - Vorrunde 3"]
[Site "Online - Playchess.com"]
[Date ""]
[Round "5"]
[Board "70"]
[White "Birklbauer, Toni"]
[Black "Wilplinger, Hugo"]
[Result "1/2-1/2"]
[WhiteElo "2034"]
[BlackElo "1629"]
[PlyCount "110"]
[EventDate "2020.04.17"]
[EventRounds "9"]
[EventCountry "AUT"]

1. d4 d5 2. c4 e6 3. Nc3 Nf6 4. Bg5 Be7 5. Nf3 Nbd7 6. e3 c6 7. Qc2 O-O 8. h4 h6
9. O-O-O dxc4 10. Bxc4 Nb6 11. Bd3 Nbd5 12. a3 Nxc3 13. bxc3 Qa5 14. g4 Qxa3+ 15.
Kd2 Nxg4 16. Rdg1 Bxg5 17. hxg5 Nxf2 18. Rh2 Nxd3 19. Qxd3 Qb2+ 20. Ke1 h5 21. Rxh5
g6 22. Rh6 Qc1+ 23. Kf2 Qb2+ 24. Kg3 Kg7 25. Rgh1 Rg8 26. Ne5 b5 27. Rh7+ Kf8 28.
Rxf7+ Ke8 29. Rhh7 Qa3 30. Nxc6 Qd6+ 31. Kf2 Qxc6 32. Re7+ Kd8 33. Rc7 Qxc7 34. Rxc7
Kxc7 35. Qxb5 Bd7 36. Qc5+ Bc6 37. Qe5+ Kb7 38. c4 Rgf8+ 39. Ke1 Rab8 40. d5 exd5
41. Qe7+ Ka8 42. Qc7 Bb7 43. c5 Rbc8 44. Qd6 Rfd8 45. Qxg6 Rxc5 46. Qf6 Rdc8 47.
g6 Rc1+ 48. Kf2 R8c2+ 49. Kg3 Rg1+ 50. Kh4 Rh1+ 51. Kg3 Rg1+ 52. Kh3 Rh1+ 53. Kg4
Rg1+ 54. Kh3 Rh1+ 55. Kg3 Rg1+  1/2-1/2

[Event "1. OEsterreichische Internet Schach Meisterschaft - Vorrunde 3"]
[Site "Online - Playchess.com"]
[Date ""]
[Round "5"]
[Board "71"]
[White "Gallob, Marko"]
[Black "Kwech, Gregor"]
[Result "1-0"]
[WhiteElo "1961"]
[BlackElo "1064"]
[PlyCount "43"]
[EventDate "2020.04.17"]
[EventRounds "9"]
[EventCountry "AUT"]

1. e4 c5 2. Nf3 d6 3. d4 cxd4 4. Nxd4 Nf6 5. Nc3 g6 6. Be3 Bg7 7. Bc4 O-O 8. f3 Nc6
9. Qd2 Bd7 10. O-O-O Rc8 11. h4 h5 12. Bb3 Ne5 13. Rdg1 a6 14. Qe2 Qc7 15. Kb1 e6
16. g4 hxg4 17. h5 gxf3 18. Nxf3 Nxf3 19. Qxf3 Nxh5 20. Rxh5 gxh5 21. Qg3 f5 22.
Qxg7#  1-0

[Event "1. OEsterreichische Internet Schach Meisterschaft - Vorrunde 3"]
[Site "Online - Playchess.com"]
[Date ""]
[Round "5"]
[Board "72"]
[White "Rosol, Philip"]
[Black "Stolzlechner, Andreas"]
[Result "1/2-1/2"]
[WhiteElo "1468"]
[BlackElo "1883"]
[PlyCount "94"]
[EventDate "2020.04.17"]
[EventRounds "9"]
[EventCountry "AUT"]

1. d4 d5 2. Bf4 Nf6 3. e3 e6 4. c3 Bd6 5. Bg3 c5 6. Nd2 O-O 7. Ngf3 Qe7 8. Bd3 b6
9. Ne5 Bb7 10. O-O Nbd7 11. f4 Ne8 12. h3 Nc7 13. Bh2 f6 14. Nxd7 Qxd7 15. Qh5 g6
16. Qe2 Qe7 17. Kh1 e5 18. fxe5 fxe5 19. dxe5 Bxe5 20. Bxe5 Qxe5 21. Nf3 Qe7 22.
Rae1 Rae8 23. Nd2 Rxf1+ 24. Rxf1 Qxe3 25. Qxe3 Rxe3 26. Rf3 Re1+ 27. Kh2 Rd1 28.
Nf1 d4 29. Bc4+ Bd5 30. Bxd5+ Nxd5 31. cxd4 Rxd4 32. Ne3 Nxe3 33. Rxe3 Rd2 34. Re7
a5 35. b3 Rxa2 36. Rb7 Rb2 37. Rxb6 a4 38. Rc6 axb3 39. Rxc5 Rb1 40. Rb5 Kg7 41.
Rb6 b2 42. Kg3 Kh6 43. h4 Kg7 44. Kh2 Kf7 45. Kg3 Kg7 46. Kh2 Kh6 47. Kg3 Kg7  1/2-1/2

[Event "1. OEsterreichische Internet Schach Meisterschaft - Vorrunde 3"]
[Site "Online - Playchess.com"]
[Date ""]
[Round "5"]
[Board "73"]
[White "Wurzer, Gerhard"]
[Black "Lammer, Michael"]
[Result "0-1"]
[WhiteElo "1889"]
[BlackElo "1501"]
[PlyCount "42"]
[EventDate "2020.04.17"]
[EventRounds "9"]
[EventCountry "AUT"]

1. c3 d5 2. d3 c6 3. Qc2 Nf6 4. e4 dxe4 5. dxe4 e5 6. Nf3 Nbd7 7. Nbd2 Bc5 8. Be2
Bxf2+ 9. Kxf2 Ng4+ 10. Kg1 Qb6+ 11. Nd4 exd4 12. Bxg4 d3+ 13. Kf1 dxc2 14. Nc4 Qb5
15. Be2 Qc5 16. Be3 Qe7 17. Bd3 c1=Q+ 18. Rxc1 Ne5 19. Nxe5 Qxe5 20. Bd4 Qf4+ 21.
Ke2 Bg4+  0-1

[Event "1. OEsterreichische Internet Schach Meisterschaft - Vorrunde 3"]
[Site "Online - Playchess.com"]
[Date ""]
[Round "5"]
[Board "74"]
[White "Moerzinger, Christian Jun."]
[Black "Schein, Leopold"]
[Result "0-1"]
[WhiteElo "1638"]
[BlackElo "1584"]
[PlyCount "62"]
[EventDate "2020.04.17"]
[EventRounds "9"]
[EventCountry "AUT"]

1. e4 e5 2. Nf3 Nc6 3. g3 d5 4. exd5 Qxd5 5. c4 Qe4+ 6. Qe2 Nf6 7. Nc3 Qxe2+ 8. Nxe2
Be6 9. b3 Bb4 10. Bg2 O-O-O 11. O-O e4 12. Ng5 Bxd2 13. Nxe4 Nxe4 14. Bxe4 Bxc1 15.
Raxc1 Nd4 16. Nf4 Rhe8 17. Nxe6 Rxe6 18. Bg2 Ne2+ 19. Kh1 Nxc1 20. Bh3 Nd3 21. Bxe6+
fxe6 22. Kg2 Nb4 23. a3 Nc6 24. Re1 Kd7 25. c5 Ke7 26. Re3 b6 27. cxb6 cxb6 28. f4
Rd5 29. Kf3 Nd4+ 30. Kg4 h5+ 31. Kh4 Nf5+  0-1